000 00546nam a2200193Ia 4500
003 GCL
008 140319s9999 xx 000 0 ara d
040 _aGCL /
_cGCL
082 0 4 _a745.6191
_bم ن
100 1 _aمحمد حداد
245 1 0 _aنقط فوق الحروف : مجموعة خطوط عربية تشكيلية /
_cمحمد حداد
260 _a[S.N] :
_bلا يوجد
300 _a143 ص
490 _a
650 0 4 _aالخط العربى
650 0 4 _aالكتابة العربية
650 0 4 _aالخط
942 _2ddc
_cBK
999 _c34585
_d34585